Statystyki dla TOP 10 Kanałów na Polskim youtube

Kliknij tutaj aby rozwiązać quiz!

Ogólne statystyki

  • Ten quiz został rozwiązany 223 razy
  • Średni wynik to 5 z 10

Statystyki odpowiedzi

MiejsceIlośc SubskrybcjiKanał% Poprawnych
34,72 mlnFriz
95%
24,88 mlnBlowek
94%
44,52 mlnreZigiusz
74%
64,25 mlnStuu
68%
16,68 mlnBazylland
61%
103,39 mlnNaruciak
41%
83,60 mlnSA Wardęga
36%
93,39 mlnAbstrachujeTV
26%
73,77 mlnStep records
20%
54,28 mlnWB Kids International
3%

Rozkład punktacji

Percentyl według liczby udzielonych odpowiedzi

Procent ludzi z każdym wynikiem

Twoja historia wyników

Nie rozwiązałeś tego quizu